• 首页
  • 本馆介绍
  • 公告通知
  • 最新文献
  • 馆藏检索
  • 电子资源
  • 读者导购
  • 参考咨询
  • 我的图书馆
  • 登录
  • 详细信息显示
  • 放入我的书架
  • 预约/预借图书
  • 作者相关作品
  • 分类相关作品
  • 丛书相关作品
  • 出版社相关作品

书目信息

  • 表格格式
  • 工作单格式
  • 卡片格式
题名:
自动化生产线安装、调试和维护技术
    
 
作者: 梁亮 , 梁玉文 主编
分册:  
出版信息: 北京   机械工业出版社  2018
页数: 197页
开本: 26cm
丛书名:
单 册:
中图分类: TP278
科图分类:
主题词: 自动生产线--安装--职业教育--教材 , 自动生产线--调试方法--职业教育--教材 , 自动生产线--维修--职业教育--教材
电子资源:
ISBN: 978-7-111-58641-8
000 01250nam0 2200277 450
001 0104510161
005 20180817110859.0
010    @a978-7-111-58641-8@dCNY39.00
100    @a20180531d2018 em y0chiy0120 ea
101 0  @achi
102    @aCN@b110000
105    @aa z 000yy
106    @ar
200 1  @a自动化生产线安装、调试和维护技术@9Zi Dong Hua Sheng Chan Xian An Zhuang 、 Diao;Tiao Shi He;Huo;Hu Wei Hu Ji Shu;Zhu @f梁亮,梁玉文主编@b专著
210    @a北京@c机械工业出版社@d2018
215    @a197页@c图@d26cm
300    @a“十三五”职业院校工业机器人专业新形态规划教材
330    @a本书通过8个项目介绍了自动化生产线的必备知识和技能,主要内容包括:柔性自动化生产线供料单元安装与调试、柔性自动化生产线冲压单元安装与调试、柔性自动化生产线装配单元安装与调试、柔性自动化生产线分拣单元安装与调试、柔性自动化生产线输送单元安装与调试、柔性自动化生产线全线运行、工业机器人搬运单元的安装与调试、自动化生产线综合能力应用。
606 0  @a自动生产线@x安装@x职业教育@j教材
606 0  @a自动生产线@x调试方法@x职业教育@j教材
606 0  @a自动生产线@x维修@x职业教育@j教材
690    @aTP278@v5
701  0 @a梁亮@4主编@9liang liang
701  0 @a梁玉文@4主编@9liang yu wen
801  0 @aCN@bAZmarc@c20230905
905    @aBZT@dTP278@e5@f1@sTP278/5
    
    自动化生产线安装、调试和维护技术/梁亮,梁玉文主编.-北京:机械工业出版社,2018
    197页:图;26cm
    “十三五”职业院校工业机器人专业新形态规划教材
    
    ISBN 978-7-111-58641-8:CNY39.00
    本书通过8个项目介绍了自动化生产线的必备知识和技能,主要内容包括:柔性自动化生产线供料单元安装与调试、柔性自动化生产线冲压单元安装与调试、柔性自动化生产线装配单元安装与调试、柔性自动化生产线分拣单元安装与调试、柔性自动化生产线输送单元安装与调试、柔性自动化生产线全线运行、工业机器人搬运单元的安装与调试、自动化生产线综合能力应用。
●
相关链接 在五车中查询图书 在当当中查询图书 在豆瓣中查询图书


正题名:自动化生产线安装、调试和维护技术     索取号:TP278/5         预约/预借

序号 登录号 条形码 馆藏地/架位号 状态 备注
1 2000029655   2000029655   旧书回溯/ [索取号:TP278/5] 在馆    
山东省滨州职业学院图书馆 欢迎您!
大连网信软件有限公司© 版权所有